header

The fuzzy duckling / (Record no. 264122)

MARC details
000 -LEADER
fixed length control field 00519nam a22001697a 4500
003 - CONTROL NUMBER IDENTIFIER
control field OSt
005 - DATE AND TIME OF LATEST TRANSACTION
control field 20240725152239.0
008 - FIXED-LENGTH DATA ELEMENTS--GENERAL INFORMATION
fixed length control field 240725b xxu||||| |||| 00| 0 eng d
010 ## - LIBRARY OF CONGRESS CONTROL NUMBER
LC control number 98102387
020 ## - INTERNATIONAL STANDARD BOOK NUMBER
International Standard Book Number 0307301184
040 ## - CATALOGING SOURCE
Transcribing agency DLC
100 ## - MAIN ENTRY--PERSONAL NAME
Personal name Watson, Jane Werner,
Dates associated with a name 1915-2004.
245 ## - TITLE STATEMENT
Title The fuzzy duckling /
Statement of responsibility, etc by Jane Werner ; illustrated by Alice and Martin Provensen.
260 ## - PUBLICATION, DISTRIBUTION, ETC. (IMPRINT)
Place of publication, distribution, etc Racine, Wis. :
Name of publisher, distributor, etc Golden Books Pub. Co.,
Date of publication, distribution, etc 1997.
300 ## - PHYSICAL DESCRIPTION
Extent [24] p. :
Other physical details col. ill. ;
Dimensions 15 cm.
942 ## - ADDED ENTRY ELEMENTS (KOHA)
Source of classification or shelving scheme Library of Congress Classification
Koha item type Long Loan Books
Holdings
Withdrawn status Lost status Source of classification or shelving scheme Damaged status Not for loan Collection code Home library Current library Shelving location Date acquired Total Checkouts Full call number Barcode Date last seen Price effective from Koha item type
    Library of Congress Classification     Fiction Rongo University Library Rongo University Library Children's Area 25/07/2024   PZ7.W3274 1997 CL20243522 25/07/2024 25/07/2024 Long Loan Books

© 2026 Rongo University
Contact us: librarian | system librarian | Rongo university